101 tình huống pháp luật

Sách xây dựng 101 tình huống pháp luật, qua đó giải đáp thắc mắc và giáo dục công dân thực hiện đúng những qui của pháp luật.

Zapisane w:
Opis bibliograficzny
1. autor: Trần, Trọng Tuấn
Format: Książka
Język:Undetermined
Wydane: Hà Nội Tư pháp 2005
Hasła przedmiotowe:
Etykiety: Dodaj etykietę
Nie ma etykietki, Dołącz pierwszą etykiete!
Thư viện lưu trữ: Trung tâm Học liệu Trường Đại học Cần Thơ
LEADER 00760nam a2200217Ia 4500
001 CTU_74961
008 210402s9999 xx 000 0 und d
020 |b 255000 
082 |a 340 
082 |b T502 
100 |a Trần, Trọng Tuấn 
245 0 |a 101 tình huống pháp luật 
245 0 |c Trần Trọng Tuấn 
260 |a Hà Nội 
260 |b Tư pháp 
260 |c 2005 
520 |a Sách xây dựng 101 tình huống pháp luật, qua đó giải đáp thắc mắc và giáo dục công dân thực hiện đúng những qui của pháp luật. 
650 |a Law,Law 
650 |x Philosophy,History 
904 |i Tuyến 
980 |a Trung tâm Học liệu Trường Đại học Cần Thơ